Lengua y creacion en la obra de Romulo Gallegos.

Bibliographic Details
Main Author: Araujo, Orlando, 1928-1987
Format: Book
Language:Spanish
Published: Caracas : Ediciones del Ministerio de Educacion, Direccion de Cultura y Bellas Artes, Departamento de Publicaciones, 1962.
Edition:[2.ed.].
Series:Biblioteca popular venezolana ; 86.
Subjects:

MARC

Tag First Indicator Second Indicator Subfields
LEADER 00000cam a2200000 4500
001 in00000021852
005 20151007063748.0
008 770412s1962 ve b 00000 spa
010 |a  64053113  
035 |a (OCoLC)02883464 
035 |9 AAD8191AM 
040 |a DLC  |c TOL  |d TXA  |d UtOrBLW 
049 |a TXAM  |c [460797] 
050 0 |a PQ8549.G24  |b Z57 1962 
092 |a 863  |b G166Ya, 1962 
100 1 |a Araujo, Orlando,  |d 1928-1987. 
245 1 0 |a Lengua y creacion en la obra de Romulo Gallegos. 
250 |a [2.ed.]. 
264 1 |a Caracas :  |b Ediciones del Ministerio de Educacion, Direccion de Cultura y Bellas Artes, Departamento de Publicaciones,  |c 1962. 
300 |a 327 pages ;  |c 18 cm. 
336 |a text  |b txt  |2 rdacontent 
337 |a unmediated  |b n  |2 rdamedia 
338 |a volume  |b nc  |2 rdacarrier 
490 1 |a Biblioteca popular venezolana,  |v 86 
504 |a "Datos biograficos y bibliograifos": pages [11]-14. Bibliography: pages [321]-327. 
600 1 0 |a Gallegos, Rómulo,  |d 1884-1969. 
830 0 |a Biblioteca popular venezolana ;  |v 86. 
999 |a MARS 
999 f f |s ca5a7e69-3958-3077-858b-ce32581f4d2d  |i 047007c7-1474-3059-8121-b7bdca8b2312  |t 0 
952 f f |p normal  |a Texas A&M University  |b College Station  |c Sterling C. Evans Library  |d Evans: Library Stacks  |t 0  |e PQ8549.G24 Z57 1962  |h Library of Congress classification  |i unmediated -- volume  |m A14801384064 
998 f f |a PQ8549.G24 Z57 1962  |t 0  |l Evans: Library Stacks